000 00580nam a2200181 4500
999 _c170472
_d170472
005 20191216155321.0
010 _aENG-127151
020 _a9789352876143
_c220.00
035 _aEN-110683
037 _bDBAD/PUB
082 _a306.095
100 _aLahiri, Himadri
245 _aDiaspora theory and transnationalism /
_cby Himadri Lahiri
260 _aHyderabad
_bOrient Blankswan Private
_c2019
270 _a3-6-752 Himayatnagar, Hyderabad
_bTelangana
_e500029
_mindo@orientblackswan.com
300 _axiv;172p .
_c21cm(pbk)
942 _2ddc
_cEN
_h306.095
_mLAH